00693nam a2200181 a 4500008004100000050001800041100002100059245006100080260004000141300001900181350000900200650002500209650001100234650002200245995009300267999001700360952013400377120416s1971 ||||||||||||||||| || u aHD 5715.2 Pat aPatten, Thomas H10aManpower planning and the development of human resources aNew YorkbJohn Wiley and Sonsc1971 ax, 737p. : ill a0.00 aMANPOWER DEVELOPMENT aLABOUR aMANPOWER PLANNING D0.00FCBU-MAIN LIBRARY (Kitwe)H1I0.00M1UDAMAGEDZMain Library Open Access Collection c50265d50265 00102lcc4070a001b001cMain Library Open Access Collectiond2022-11-30l0oHD 5715.2 Patp004483r2022-11-30w2022-11-30y002